Operation Research Theory and Applications (Record no. 1215)

MARC details
000 -LEADER
fixed length control field 00399nam a22001697a 4500
005 - DATE AND TIME OF LATEST TRANSACTION
control field 20160520140955.0
008 - FIXED-LENGTH DATA ELEMENTS--GENERAL INFORMATION
fixed length control field 160520b xxu||||| |||| 00| 0 eng d
020 ## - INTERNATIONAL STANDARD BOOK NUMBER
ISBN 978-93-50593-36-3
041 ## - LANGUAGE CODE
Language code of text/sound track or separate title eng
082 ## - DEWEY DECIMAL CLASSIFICATION NUMBER
Item number 3592
100 ## - MAIN ENTRY--AUTHOR NAME
Personal name Sharma J.K.
245 ## - TITLE STATEMENT
Title Operation Research Theory and Applications
260 ## - PUBLICATION, DISTRIBUTION, ETC. (IMPRINT)
Name of publisher Mac Millan
300 ## - PHYSICAL DESCRIPTION
Number of Pages 943
650 ## - SUBJECT ADDED ENTRY--TOPICAL TERM
Topical Term Management
942 ## - ADDED ENTRY ELEMENTS (KOHA)
Koha item type Books
Holdings
Lost status Damaged status Home library Current library Shelving location Date acquired Cost, normal purchase price Full call number Accession Number Koha item type Collection code
    JRU Library   Shelf - 23- B 20/05/2016 495.00 658.4034 3592 Books  
    JRU Library JRU Library SHELF-35-I 20/05/2016 495.00 658.4034 3593 Books MANAGEMENT
    JRU Library JRU Library   20/05/2016 495.00 658.4034 3594 Books MANAGEMENT